[Event "Lichtenberger Sommer"]
[Site "Berlin"]
[Date "2009.08.15"]
[Round "1.26"]
[White "Wege, Hermann"]
[Black "Schatz, Dieter"]
[Result "0-1"]
[WhiteElo "1717"]
[BlackElo "2132"]
[PlyCount "100"]
[EventDate "2009.??.??"]
[WhiteTeam "Schachclub Rathenow e.V."]
[BlackTeam "SK Landau"]

1. Nf3 Nf6 2. g3 g6 3. Bg2 Bg7 4. d3 O-O 5. O-O d5 6. Nbd2 Nc6 7. e4 e5 8. Re1
h6 9. exd5 Nxd5 10. Ne4 Bg4 11. h3 Be6 12. b3 a5 13. Bb2 Re8 14. a4 b6 15. Rb1
Ndb4 16. Ned2 f6 17. Nc4 Qd7 18. Kh2 Rad8 19. Qe2 Bf7 20. Na3 Nd4 21. Qd1 f5
22. Bxd4 exd4 23. Rxe8+ Rxe8 24. Qd2 g5 25. Re1 Rxe1 26. Qxe1 Qd6 27. Qd2 Qe7
28. Nc4 Nd5 29. Kg1 f4 30. g4 Nc3 31. Kf1 Bf6 32. Qe1 Qxe1+ 33. Nxe1 Be6 34.
Be4 Bxc4 35. bxc4 Nxa4 36. Nf3 Kf7 37. Nd2 Nc3 38. Ke1 Ke7 39. Bf5 a4 40. Bc8
Kd6 41. Kf1 Kc5 42. Kg2 Kb4 43. Kf3 Ka3 44. c5 bxc5 45. Nc4+ Kb4 46. Nd2 Nb5
47. Be6 Nd6 48. Nb1 c4 49. dxc4 c5 50. Bd5 a3 0-1

[Event "Lichtenberger Sommer"]
[Site "Berlin"]
[Date "2009.08.15"]
[Round "1.27"]
[White "Kohler, Thomas"]
[Black "Alvarez, Luis"]
[Result "1-0"]
[WhiteElo "2132"]
[BlackElo "1706"]
[PlyCount "65"]
[EventDate "2009.??.??"]
[WhiteTeam "SC Zitadelle Spandau 1977 e.V."]
[BlackTeam "Schachclub Zug um Zug Everswinke"]

1. Nf3 d5 2. c4 e6 3. g3 Nf6 4. Bg2 c6 5. d4 Nbd7 6. O-O dxc4 7. a4 a5 8. Qc2
Bd6 9. Nbd2 Nb6 10. e4 Be7 11. Rd1 O-O 12. Ne5 h6 13. Ndxc4 Nxc4 14. Nxc4 Re8
15. Bf4 Bb4 16. Rac1 Ra6 17. Bf1 Ra8 18. Ne5 Qe7 19. Nd3 Bd7 20. Bg2 Rac8 21.
Qb3 c5 22. dxc5 Bxc5 23. Nxc5 Rxc5 24. Bd6 Rxc1 25. Bxe7 Rxd1+ 26. Qxd1 Rxe7
27. Qd6 Kf8 28. b3 Bc6 29. f3 Nd7 30. Qc7 Nc5 31. Qxa5 Nxb3 32. Qb4 Nc1 33. Qc4
1-0

[Event "Lichtenberger Sommer"]
[Site "Berlin"]
[Date "2009.08.15"]
[Round "1.28"]
[White "Herrmann, Eberhard"]
[Black "Kapp, Martin"]
[Result "0-1"]
[WhiteElo "1701"]
[BlackElo "2109"]
[PlyCount "108"]
[EventDate "2009.??.??"]
[WhiteTeam "SC Friesen Lichtenberg e.V."]
[BlackTeam "TSV IFA Chemnitz"]

1. e4 e6 2. Nf3 d5 3. Nc3 Nf6 4. e5 Ne4 5. d3 Nxc3 6. bxc3 c5 7. d4 Qa5 8. Bd2
Qa4 9. Qb1 a6 10. Qb3 Qxb3 11. cxb3 Bd7 12. Bd3 Nc6 13. a3 b5 14. Ke2 c4 15.
Bc2 cxb3 16. Bxb3 Na5 17. Ba2 Rc8 18. Rhb1 h6 19. Ne1 Be7 20. Nd3 Nc4 21. Bxc4
dxc4 22. Nb2 Bc6 23. f3 Kd7 24. a4 Ra8 25. a5 g5 26. Nd1 g4 27. fxg4 Bxg2 28.
Ne3 Be4 29. Rg1 Rag8 30. Nf1 Bd3+ 31. Kf3 Rg6 32. Ng3 f6 33. Rae1 Rf8 34. Kg2
fxe5 35. dxe5 Rxg4 36. Bxh6 Rh8 37. Bd2 Bh4 38. Kf3 Rg7 39. Ne4 Rf7+ 40. Ke3
Bxe1 41. Bxe1 Bxe4 42. Kxe4 Rxh2 43. Kd4 Kc6 44. Rg6 Rd7+ 45. Ke3 Kd5 46. Rg4
Rh3+ 47. Ke2 Kxe5 48. Rg5+ Kf4 49. Rg6 Rh2+ 50. Kf1 Rd1 51. Rxe6 Rh1+ 52. Kf2
Rdxe1 53. Rxe1 Rxe1 54. Kxe1 Ke3 0-1

[Event "Lichtenberger Sommer"]
[Site "Berlin"]
[Date "2009.08.15"]
[Round "1.29"]
[White "Rohde, Wolfgang"]
[Black "Prix, Siegfried"]
[Result "1-0"]
[WhiteElo "2102"]
[BlackElo "1700"]
[PlyCount "75"]
[EventDate "2009.??.??"]
[WhiteTeam "SC Friesen Lichtenberg e.V."]
[BlackTeam "Sfrd. Berlin 1903 e.V."]

1. d4 Nf6 2. Nf3 d5 3. c4 c6 4. Nc3 dxc4 5. a4 Bf5 6. Ne5 e6 7. Nxc4 Bb4 8. Bg5
Nbd7 9. Qb3 a5 10. f3 h6 11. Bh4 Qc7 12. Bg3 Qd8 13. Nd6+ Bxd6 14. Bxd6 Qb6 15.
Qxb6 Nxb6 16. e4 Nc8 17. Ba3 Bg6 18. Bc4 Ne7 19. O-O Rd8 20. Rfd1 Rd7 21. Bc5
O-O 22. b4 axb4 23. Bxb4 Ra8 24. a5 Nc8 25. Na4 Ne8 26. d5 exd5 27. exd5 cxd5
28. Rxd5 Rxd5 29. Bxd5 Ned6 30. Rc1 Bd3 31. Rc7 Rb8 32. Rd7 Bb5 33. Rd8+ Ne8
34. Nc3 Bc6 35. Bxc6 bxc6 36. Rxe8+ Kh7 37. Bc5 Rb3 38. Rxc8 1-0

[Event "Lichtenberger Sommer"]
[Site "Berlin"]
[Date "2009.08.15"]
[Round "1.30"]
[White "Schütt, Tobias"]
[Black "Maahs, Erich"]
[Result "0-1"]
[WhiteElo "1697"]
[BlackElo "2100"]
[PlyCount "68"]
[EventDate "2009.??.??"]
[WhiteTeam "SC Friesen Lichtenberg e.V."]
[BlackTeam "SC Concordia SAbt Palame"]

1. e4 e5 2. d4 exd4 3. Nf3 Bb4+ 4. c3 dxc3 5. bxc3 Be7 6. Bc4 d6 7. Qb3 Nc6 8.
Bxf7+ Kf8 9. Bd5 Na5 10. Qc2 c6 11. Bb3 Nxb3 12. Qxb3 Nf6 13. e5 dxe5 14. O-O
e4 15. Rd1 Qb6 16. Ne5 Qxb3 17. axb3 Be6 18. c4 Bb4 19. Be3 a5 20. Bb6 Ke7 21.
f4 exf3 22. Nxf3 Rhe8 23. Nbd2 Kf8 24. Ne5 Bc3 25. Ndf3 Bxa1 26. Rxa1 Ra6 27.
Bc5+ Kg8 28. Nd4 Ne4 29. Ba3 Bf7 30. Nxf7 Kxf7 31. Rf1+ Kg8 32. Ne6 Nd2 33. Rf2
Nxb3 34. g3 Raa8 0-1

[Event "Lichtenberger Sommer"]
[Site "Berlin"]
[Date "2009.08.15"]
[Round "1.31"]
[White "Meißner, Hans-Jürgen"]
[Black "Bockelmann, Rolf"]
[Result "1-0"]
[WhiteElo "2098"]
[BlackElo "1690"]
[PlyCount "115"]
[EventDate "2009.??.??"]
[WhiteTeam "SV Empor Berlin e.V."]
[BlackTeam "SG Lasker Steglitz-Wilmersdorf"]

1. e4 e5 2. Nf3 Nc6 3. Bb5 f5 4. d3 fxe4 5. dxe4 Nf6 6. Qd3 Be7 7. Nc3 O-O 8.
Bxc6 dxc6 9. Qxd8 Bxd8 10. Nxe5 Re8 11. f4 Ng4 12. Nxg4 Bxg4 13. O-O Bf6 14. e5
Be7 15. Be3 Bf5 16. Rac1 Rad8 17. a3 a5 18. Ne2 b5 19. Nd4 Be4 20. Nb3 a4 21.
Nc5 Bxc5 22. Bxc5 Rd2 23. Rf2 Red8 24. Bb4 Rd1+ 25. Rf1 Rxf1+ 26. Kxf1 Kf7 27.
Kf2 h5 28. g3 g6 29. c4 Rd7 30. cxb5 cxb5 31. Rc5 c6 32. Ke3 Bd5 33. Rc2 Ke6
34. Bd6 Rf7 35. Rf2 Rf5 36. h3 Rf7 37. g4 hxg4 38. hxg4 Bb3 39. Kf3 Rh7 40. Kg3
Rf7 41. Kh4 Bd5 42. Kg5 Be4 43. Rh2 Rg7 44. Rh8 Kf7 45. Bb4 Ke6 46. Rf8 Rf7 47.
Rxf7 Kxf7 48. f5 gxf5 49. gxf5 Bd5 50. Kf4 Bb3 51. e6+ Kf6 52. Bc3+ Ke7 53. Ke5
c5 54. Be1 Ba2 55. Bf2 c4 56. Bc5+ Ke8 57. f6 c3 58. f7+ 1-0

[Event "Lichtenberger Sommer"]
[Site "Berlin"]
[Date "2009.08.15"]
[Round "1.32"]
[White "Kujawa, Werner"]
[Black "Friedrich, Wiede"]
[Result "0-1"]
[WhiteElo "1689"]
[BlackElo "2097"]
[PlyCount "82"]
[EventDate "2009.??.??"]
[WhiteTeam "SV Motor Wildau e.V."]
[BlackTeam "USV Potsdam e.V., Abt. Schach"]

1. e4 c6 2. Nf3 d5 3. Nc3 dxe4 4. Nxe4 Nd7 5. d4 Ngf6 6. Bd3 Nxe4 7. Bxe4 Nf6
8. Bd3 Bg4 9. O-O e6 10. h3 Bxf3 11. Qxf3 Qxd4 12. Bg5 Bd6 13. Rfe1 Qd5 14. Qe3
Nd7 15. Be4 Qe5 16. g3 Bc5 17. Qf4 Qxf4 18. Bxf4 Nf6 19. Be5 Nxe4 20. Rxe4 f6
21. Bc3 Kf7 22. Rae1 Rhe8 23. Kg2 e5 24. b4 Bb6 25. a4 Rad8 26. a5 Bc7 27. a6
b5 28. h4 Rd5 29. f4 f5 30. R4e2 e4 31. h5 Re6 32. Kf2 Bb6+ 33. Kg2 Bd4 34.
Bxd4 Rxd4 35. c3 Rd3 36. Re3 Red6 37. Kf2 Rxe3 38. Rxe3 Rd2+ 39. Re2 Rxe2+ 40.
Kxe2 Ke6 41. Ke3 Kd5 0-1

[Event "Lichtenberger Sommer"]
[Site "Berlin"]
[Date "2009.08.15"]
[Round "1.33"]
[White "Elsing, Jan"]
[Black "Wirp, Hans-Werner"]
[Result "1-0"]
[WhiteElo "2097"]
[BlackElo "1686"]
[PlyCount "95"]
[EventDate "2009.??.??"]
[WhiteTeam "SC Friesen Lichtenberg e.V."]
[BlackTeam "SK Oschersleben 1948"]

1. e4 e5 2. Nf3 Nc6 3. Bb5 a6 4. Ba4 b5 5. Bb3 Nf6 6. d3 Be7 7. Nc3 O-O 8. a4
b4 9. Nd5 h6 10. a5 Rb8 11. Bc4 Bc5 12. c3 bxc3 13. bxc3 d6 14. Be3 Bxe3 15.
Nxe3 Ne7 16. O-O c6 17. Qc2 d5 18. exd5 cxd5 19. Bb3 Nc6 20. Ba4 Nxa5 21. Nxe5
Qd6 22. d4 Be6 23. Qd3 Rfc8 24. Bc2 Nc4 25. Nf5 Bxf5 26. Qxf5 Qe6 27. Qxe6 fxe6
28. Rxa6 Rb6 29. Rxb6 Nxb6 30. Bg6 Kf8 31. Rc1 Nfd7 32. Nxd7+ Nxd7 33. Kf1 e5
34. Bf5 Ke7 35. dxe5 d4 36. c4 Rc5 37. Bxd7 Kxd7 38. f4 Ke6 39. Ke2 g5 40. g3
Ra5 41. Kd3 Ra2 42. Rc2 Ra3+ 43. Kxd4 gxf4 44. gxf4 Kf5 45. c5 Rf3 46. c6 Rxf4+
47. Kd5 Rf1 48. c7 1-0

[Event "Lichtenberger Sommer"]
[Site "Berlin"]
[Date "2009.08.15"]
[Round "1.34"]
[White "Würsig, Mathias"]
[Black "Schnitzer, Peter"]
[Result "0-1"]
[WhiteElo "1682"]
[BlackElo "2092"]
[PlyCount "80"]
[EventDate "2009.??.??"]
[WhiteTeam "SV Blau-Gelb 1899 Hosena e.V."]
[BlackTeam "SC Kreuzberg e.V."]

1. e4 c5 2. Nf3 a6 3. d4 cxd4 4. Nxd4 Nf6 5. Nc3 e5 6. Nb3 Bb4 7. Bd3 d5 8. Bd2
Bxc3 9. Bxc3 dxe4 10. Be2 Qc7 11. Bb4 Nc6 12. Bd6 Qb6 13. Bc5 Qd8 14. O-O Be6
15. c4 Qxd1 16. Raxd1 Nd7 17. Bd6 f6 18. Nc5 Nxc5 19. Bxc5 Kf7 20. f3 exf3 21.
Bxf3 Rhd8 22. b3 f5 23. Bd6 Kf6 24. Bxc6 bxc6 25. c5 Bd5 26. Rde1 Re8 27. Re3
g5 28. Rfe1 e4 29. g3 a5 30. R1e2 Ra7 31. Kf2 a4 32. b4 a3 33. Rc3 Ra4 34. b5
cxb5 35. c6 Rc8 36. c7 Ke6 37. Bf8 Bc4 38. Rd2 Rxf8 39. Rd8 Ra8 40. Rxa3 Raxd8
0-1

[Event "Lichtenberger Sommer"]
[Site "Berlin"]
[Date "2009.08.15"]
[Round "1.35"]
[White "Wasem, Ralph"]
[Black "Nauschütz, Ernst"]
[Result "1-0"]
[WhiteElo "2090"]
[BlackElo "1682"]
[PlyCount "61"]
[EventDate "2009.??.??"]
[WhiteTeam "SK Landau"]
[BlackTeam "Greifswalder SV"]

1. c4 c5 2. Nc3 g6 3. Nf3 Bg7 4. e3 Nf6 5. d4 O-O 6. Be2 b6 7. Qc2 Bb7 8. d5 d6
9. e4 Nbd7 10. h3 a6 11. Bf4 Re8 12. g4 h6 13. Qd2 Kh7 14. g5 Nh5 15. gxh6 Nxf4
16. hxg7 Nxe2 17. Nxe2 Kxg7 18. h4 Rh8 19. h5 f6 20. Nf4 Nf8 21. O-O-O g5 22.
Rdg1 Kf7 23. Ng6 Rh7 24. Rxg5 Ke8 25. Nxf8 Kxf8 26. Qf4 Kf7 27. Rhg1 Qh8 28.
Qf5 Bc8 29. Qg6+ Kf8 30. R5g3 Rxh5 31. Qg8+ 1-0

[Event "Lichtenberger Sommer"]
[Site "Berlin"]
[Date "2009.08.15"]
[Round "1.36"]
[White "Hesselbarth, Karlheinz"]
[Black "Amelang, Thomas"]
[Result "0-1"]
[WhiteElo "1679"]
[BlackElo "2082"]
[PlyCount "102"]
[EventDate "2009.??.??"]
[WhiteTeam "SC Zugzwang 95 e.V."]
[BlackTeam "SK Siemens München"]

1. d4 c5 2. d5 Nf6 3. c4 b5 4. cxb5 a6 5. bxa6 Bxa6 6. Nc3 d6 7. Nf3 g6 8. e4
Bxf1 9. Kxf1 Bg7 10. h3 O-O 11. Kg1 Nbd7 12. Kh2 Qb6 13. Re1 c4 14. Re2 Nc5 15.
Be3 Qb4 16. Qc2 Nfd7 17. Nd4 Ne5 18. Rb1 Ned3 19. g3 e5 20. Ndb5 Rfd8 21. b3
Rd7 22. bxc4 Qxc4 23. a3 Rc8 24. Qa2 Na6 25. Qxc4 Rxc4 26. Rd2 Ndc5 27. Bxc5
Nxc5 28. Rb4 Rxb4 29. axb4 Nb7 30. Ra2 f5 31. Ra8+ Bf8 32. Na7 Kg7 33. Nc6 Be7
34. Nxe7 Rxe7 35. Ra7 Rf7 36. b5 Nc5 37. Rxf7+ Kxf7 38. f3 Ke7 39. Kg2 Kd7 40.
b6 fxe4 41. Nxe4 Nxe4 42. fxe4 Kc8 43. Kf3 h5 44. Ke3 Kb7 45. Kd3 Kxb6 46. Kc4
Ka5 47. Kc3 Kb5 48. Kb3 Kc5 49. Kc3 g5 50. g4 h4 51. Kd3 Kb4 0-1

[Event "Lichtenberger Sommer"]
[Site "Berlin"]
[Date "2009.08.15"]
[Round "1.37"]
[White "Rozov, Boris"]
[Black "Yuan, Yizheng"]
[Result "1-0"]
[WhiteElo "2052"]
[BlackElo "1673"]
[PlyCount "103"]
[EventDate "2009.??.??"]
[WhiteTeam "vereinslos"]
[BlackTeam "Schachpinguine Berlin e.V."]

1. d4 Nf6 2. Nc3 d5 3. Bg5 Nbd7 4. Nf3 g6 5. Qd3 Bg7 6. e4 dxe4 7. Nxe4 O-O 8.
O-O-O c5 9. d5 Qa5 10. Kb1 a6 11. d6 exd6 12. Nxd6 b5 13. Qd2 Qc7 14. Bf4 Nh5
15. Bh6 Nb6 16. Bxg7 Nxg7 17. Ne4 f5 18. Qd6 Qxd6 19. Nxd6 Be6 20. Ne5 Rad8 21.
Nc6 Nc8 22. Nxd8 Rxd8 23. Bxb5 axb5 24. Nxb5 Rxd1+ 25. Rxd1 Kf7 26. Nc7 Ke7 27.
Nxe6 Nxe6 28. a4 Nb6 29. a5 Nc4 30. a6 Nc7 31. a7 Nb6 32. Rd3 c4 33. Rd4 Ke6
34. c3 Nb5 35. Rxc4 Nxa7 36. Rc7 Nac8 37. Rxh7 Nd6 38. Kc2 Nd5 39. Ra7 g5 40.
Ra6 Ke5 41. Ra5 Nb7 42. Ra7 Nd6 43. Ra4 g4 44. g3 Ne4 45. Ra5 Ke6 46. Kd3 Nxf2+
47. Kd4 Nf6 48. Ra6+ Ke7 49. Ke5 Nd7+ 50. Kxf5 Nc5 51. Rc6 Nb3 52. Re6+ 1-0

[Event "Lichtenberger Sommer"]
[Site "Berlin"]
[Date "2009.08.15"]
[Round "1.38"]
[White "Ziems, Michael"]
[Black "Badestein, Hartmut"]
[Result "1/2-1/2"]
[WhiteElo "1670"]
[BlackElo "2048"]
[PlyCount "58"]
[EventDate "2009.??.??"]
[WhiteTeam "SV Empor Berlin e.V."]
[BlackTeam "SC Friesen Lichtenberg e.V."]

1. d4 Nf6 2. c4 c5 3. Nf3 cxd4 4. Nxd4 Nc6 5. Nc3 d6 6. e3 e6 7. Be2 a6 8. O-O
Be7 9. b3 O-O 10. Bb2 Bd7 11. Qd2 Nxd4 12. exd4 Rb8 13. b4 Qc7 14. a4 e5 15. d5
Bg4 16. f3 Bf5 17. Qe3 Nd7 18. f4 f6 19. Kh1 Nb6 20. c5 dxc5 21. a5 Nc8 22. b5
Nd6 23. b6 Qd7 24. fxe5 fxe5 25. Qxc5 Rbc8 26. Qe3 Bf6 27. Ba3 Bg6 28. Na4 e4
29. Nc5 Qe7 1/2-1/2

[Event "Lichtenberger Sommer"]
[Site "Berlin"]
[Date "2009.08.15"]
[Round "1.39"]
[White "Hertwig, Christopher"]
[Black "Krusemark, Gerhard"]
[Result "1-0"]
[WhiteElo "2045"]
[BlackElo "1661"]
[PlyCount "87"]
[EventDate "2009.??.??"]
[WhiteTeam "SK König Tegel 1949 e.V."]
[BlackTeam "TSG Rot-Weiß Fredersdorf/Vogelsd"]

1. e4 e5 2. Nf3 Nf6 3. Nxe5 d6 4. Nf3 Nxe4 5. Qe2 Qe7 6. d3 Nf6 7. Nc3 Nc6 8.
Bg5 Be6 9. Ne4 O-O-O 10. a3 h6 11. Bxf6 gxf6 12. O-O-O d5 13. Ng3 Qc5 14. d4
Qb6 15. Qb5 h5 16. Nh4 Ne7 17. Qxb6 axb6 18. Bd3 Bh6+ 19. Kb1 Bg5 20. Nhf5 Nc6
21. h4 Bf4 22. Ne2 Bd6 23. Nxd6+ Rxd6 24. c3 Bg4 25. Rhe1 Bxe2 26. Rxe2 Kd8 27.
Rde1 Rd7 28. Bb5 Re7 29. Bxc6 Rxe2 30. Rxe2 bxc6 31. a4 Rg8 32. f3 Kd7 33. Ka2
Kd6 34. b4 Ra8 35. Kb3 Rb8 36. c4 c5 37. dxc5+ bxc5 38. b5 d4 39. a5 c6 40. b6
Kd7 41. Kc2 Kd8 42. g4 Kd7 43. gxh5 Rh8 44. a6 1-0

[Event "Lichtenberger Sommer"]
[Site "Berlin"]
[Date "2009.08.15"]
[Round "1.40"]
[White "Schweitzer, Paul"]
[Black "Hahlbohm, Matthias"]
[Result "0-1"]
[WhiteElo "1661"]
[BlackElo "2042"]
[PlyCount "80"]
[EventDate "2009.??.??"]
[WhiteTeam "SV Königsjäger Süd-West e.V."]
[BlackTeam "TSG Oberschöneweide e.V."]

1. Nf3 d5 2. d4 Nf6 3. c3 e6 4. Nbd2 c5 5. e3 Nc6 6. a3 a5 7. dxc5 Bxc5 8. Nd4
e5 9. Nxc6 bxc6 10. Be2 O-O 11. O-O h6 12. Nf3 Qc7 13. Bd2 Bd6 14. g3 Ne4 15.
Be1 Bh3 16. c4 Bxf1 17. Bxf1 Nf6 18. cxd5 cxd5 19. b4 axb4 20. Bxb4 Bxb4 21.
axb4 Rxa1 22. Qxa1 Nd7 23. Qa6 Rd8 24. Nh4 Qb6 25. Qa3 d4 26. Nf5 Nf6 27. exd4
exd4 28. b5 Ne4 29. Ne7+ Kh8 30. Qd3 Nc5 31. Qf5 d3 32. Qxf7 d2 33. Be2 Qf6 34.
Ng6+ Kh7 35. Qc7 d1=Q+ 36. Bxd1 Rxd1+ 37. Kg2 Qxg6 38. Qxc5 Qe4+ 39. Kh3 Rd5
40. f3 Qf5+ 0-1

[Event "Lichtenberger Sommer"]
[Site "Berlin"]
[Date "2009.08.15"]
[Round "1.41"]
[White "Neumann, Joachim"]
[Black "Boeck, Rüdiger"]
[Result "1-0"]
[WhiteElo "2039"]
[BlackElo "1655"]
[PlyCount "73"]
[EventDate "2009.??.??"]
[WhiteTeam "Kieler SG von 1884 / Meerbauer"]
[BlackTeam "SC Weisse Dame Ulm e.V."]

1. e4 e5 2. Nf3 Nc6 3. Bc4 Nf6 4. Ng5 d5 5. exd5 Na5 6. Bb5+ Bd7 7. Qe2 Bd6 8.
Nc3 Nxd5 9. Bxd7+ Qxd7 10. Nxd5 O-O-O 11. Ne4 f5 12. Nxd6+ Qxd6 13. Ne3 f4 14.
Nc4 Nxc4 15. Qxc4 e4 16. O-O Qg6 17. f3 Qb6+ 18. Kh1 exf3 19. gxf3 g5 20. c3 h5
21. d4 g4 22. Bxf4 Rdf8 23. Qxc7+ Qxc7 24. Bxc7 Kxc7 25. fxg4 hxg4 26. Kg2 Re8
27. Rae1 Reg8 28. Rf7+ Kc6 29. c4 Rg6 30. b4 a6 31. d5+ Kd6 32. Rxb7 Rgh6 33.
Rb6+ Kc7 34. Rxh6 Rxh6 35. Re3 Rb6 36. a3 Kd7 37. Re6 1-0

[Event "Lichtenberger Sommer"]
[Site "Berlin"]
[Date "2009.08.15"]
[Round "1.42"]
[White "Bandsom, Olaf"]
[Black "Gülke, Volker"]
[Result "1/2-1/2"]
[WhiteElo "1654"]
[BlackElo "2037"]
[PlyCount "37"]
[EventDate "2009.??.??"]
[WhiteTeam "SC Friesen Lichtenberg e.V."]
[BlackTeam "SV Eutin von 1875"]

1. e4 Nf6 2. Nc3 d5 3. exd5 Nxd5 4. d4 c6 5. Bd3 g6 6. Nxd5 Qxd5 7. Nf3 Bg4 8.
c3 Nd7 9. O-O Bg7 10. Re1 Bxf3 11. Qxf3 Qxf3 12. gxf3 e6 13. Bf4 O-O-O 14. a4
Rhe8 15. b4 e5 16. Be3 exd4 17. cxd4 Nb8 18. Bc4 f5 19. Rad1 1/2-1/2

[Event "Lichtenberger Sommer"]
[Site "Berlin"]
[Date "2009.08.15"]
[Round "1.43"]
[White "Püschel, Werner"]
[Black "Schlittermann, Wolfgang"]
[Result "1-0"]
[WhiteElo "2034"]
[BlackElo "1644"]
[PlyCount "75"]
[EventDate "2009.??.??"]
[WhiteTeam "SG Lasker Steglitz-Wilmersdorf"]
[BlackTeam "SK Gillette"]

1. e4 c5 2. Nf3 e6 3. b3 Nf6 4. e5 Nd5 5. Bb2 a6 6. g3 g6 7. Bg2 Bg7 8. O-O O-O
9. c4 Nb4 10. d4 cxd4 11. Bxd4 Qc7 12. Nc3 N8c6 13. Bc5 Re8 14. Bd6 Qa5 15. a3
Nd5 16. cxd5 exd5 17. b4 Qd8 18. Qxd5 b5 19. Rae1 Bb7 20. Qb3 Rc8 21. Ne4 Ne7
22. Nf6+ Bxf6 23. exf6 Nf5 24. Be5 Rc4 25. Bb2 Re6 26. Ng5 Rxe1 27. Rxe1 Bxg2
28. Kxg2 h6 29. Nf3 Qa8 30. Kg1 d5 31. Qd3 Re4 32. Rd1 d4 33. Nxd4 Qd5 34. Nf3
Qc6 35. Qd8+ Re8 36. Qd7 Qa8 37. Qd5 Qc8 38. Ne5 1-0

[Event "Lichtenberger Sommer"]
[Site "Berlin"]
[Date "2009.08.15"]
[Round "1.44"]
[White "Kriese, Ralf"]
[Black "Handel, Horst"]
[Result "0-1"]
[WhiteElo "1639"]
[BlackElo "2031"]
[PlyCount "40"]
[EventDate "2009.??.??"]
[WhiteTeam "Greifswalder SV"]
[BlackTeam "SC Friesen Lichtenberg e.V."]

1. e4 e6 2. d4 d5 3. exd5 exd5 4. Bd3 Bd6 5. Nf3 h6 6. b3 Qf6 7. Ba3 Ne7 8.
Bxd6 Qxd6 9. c3 O-O 10. O-O c5 11. Nbd2 Nbc6 12. dxc5 Qxc5 13. Rc1 Ng6 14. b4
Qd6 15. Nb3 Nf4 16. Nbd4 Bg4 17. Bf5 Nxd4 18. Bxg4 Nde2+ 19. Kh1 Nxc1 20. Qxc1
f5 0-1

[Event "Lichtenberger Sommer"]
[Site "Berlin"]
[Date "2009.08.15"]
[Round "1.45"]
[White "Poseck, Steffen"]
[Black "Schönemann, Manfred"]
[Result "1/2-1/2"]
[WhiteElo "2029"]
[BlackElo "1631"]
[PlyCount "103"]
[EventDate "2009.??.??"]
[WhiteTeam "BSV 63 Chemie Weißensee"]
[BlackTeam "SV Turbine Berlin e.V."]

1. Nf3 Nf6 2. c4 c5 3. g3 g6 4. Nc3 Bg7 5. Bg2 O-O 6. O-O d5 7. cxd5 Nxd5 8. a3
Nxc3 9. dxc3 Nc6 10. Be3 Qb6 11. Qc1 Na5 12. Nd2 Qc7 13. b4 cxb4 14. cxb4 Qxc1
15. Raxc1 Nc6 16. Bxc6 bxc6 17. Rxc6 Bh3 18. Re1 a6 19. Ne4 Be6 20. Nc5 Bc4 21.
Rc7 e6 22. Nd7 Rac8 23. Rxc8 Rxc8 24. Nb6 Rc6 25. Nxc4 Rxc4 26. Rc1 Rxc1+ 27.
Bxc1 Bc3 28. e3 e5 29. Kf1 e4 30. Ke2 f5 31. Bd2 Be5 32. f3 Kf7 33. f4 Bd6 34.
Kd1 Ke6 35. Kc2 Kd5 36. Kb3 Bc7 37. Bc1 Bb6 38. a4 Ba7 39. a5 Bb8 40. Bb2 Ba7
41. Bd4 Bxd4 42. exd4 Kxd4 43. b5 axb5 44. a6 e3 45. Kc2 b4 46. a7 b3+ 47. Kxb3
e2 48. a8=Q e1=Q 49. Qa7+ Kd3 50. Qd7+ Ke3 51. Qe7+ Kf2 52. Qxh7 1/2-1/2

[Event "Lichtenberger Sommer"]
[Site "Berlin"]
[Date "2009.08.15"]
[Round "1.46"]
[White "Engelhardt, Erhard"]
[Black "Kapr, Klaus"]
[Result "0-1"]
[WhiteElo "1615"]
[BlackElo "2022"]
[PlyCount "98"]
[EventDate "2009.??.??"]
[WhiteTeam "SSV Rotation Berlin e.V."]
[BlackTeam "SC Friesen Lichtenberg e.V."]

1. f4 d5 2. Nf3 Nf6 3. e3 Bf5 4. b3 e6 5. Bb2 Be7 6. Be2 O-O 7. O-O c5 8. Ne5
h6 9. d3 Nc6 10. Nxc6 bxc6 11. Nd2 Qb6 12. c4 a5 13. a4 Rab8 14. Be5 Rb7 15.
Rb1 Nd7 16. Ba1 Rfb8 17. e4 Bh7 18. Qe1 Qb4 19. Qc1 Qb6 20. Rf3 Qc7 21. Bd1 Rf8
22. Bc2 Bf6 23. e5 Be7 24. Qe1 Rbb8 25. Nf1 Rbe8 26. Bc3 Bd8 27. Qf2 f6 28. Re1
d4 29. Bd2 fxe5 30. Qg3 Bf6 31. h3 Qd8 32. Qf2 exf4 33. Bxf4 e5 34. Bg3 Bg6 35.
Nd2 Bh5 36. Rf5 g6 37. Rxh5 gxh5 38. Qe2 h4 39. Bh2 Bg5 40. Ne4 Qe7 41. Bd1
Be3+ 42. Kh1 Nf6 43. Nxf6+ Qxf6 44. Qf3 Qg6 45. Qg4 Qxg4 46. hxg4 Rf2 47. Bf3
Rd2 48. Bxc6 Re7 49. Bd5+ Kg7 0-1

[Event "Lichtenberger Sommer"]
[Site "Berlin"]
[Date "2009.08.15"]
[Round "1.47"]
[White "Kornrumpf, Joachim"]
[Black "Metin, Altug"]
[Result "1-0"]
[WhiteElo "2019"]
[BlackElo "1600"]
[PlyCount "73"]
[EventDate "2009.??.??"]
[WhiteTeam "Preetzer TSV"]
[BlackTeam "vereinslos"]

1. b3 Nf6 2. Bb2 g6 3. Nf3 Bg7 4. e3 O-O 5. Be2 c5 6. O-O Nc6 7. c4 e6 8. d4
Ne4 9. Qc2 d5 10. dxc5 Nb4 11. Qc1 Bxb2 12. Qxb2 Nxc5 13. Rd1 Ne4 14. Nbd2 Qf6
15. Qxf6 Nxf6 16. a3 Nc6 17. Rac1 Bd7 18. cxd5 Nxd5 19. Ne4 Rfd8 20. Nc5 Bc8
21. Bb5 Nde7 22. Rxd8+ Nxd8 23. Ne5 a6 24. Be2 Ndc6 25. Nc4 Nd5 26. Nd6 Nd8 27.
Bf3 Kf8 28. Nxc8 Rxc8 29. Nxe6+ fxe6 30. Rxc8 Ke7 31. Bxd5 exd5 32. Rc7+ Kf6
33. Rd7 Ne6 34. Rxd5 h5 35. b4 Ng5 36. Rd6+ Kf5 37. Rb6 1-0

[Event "Lichtenberger Sommer"]
[Site "Berlin"]
[Date "2009.08.15"]
[Round "1.48"]
[White "Samarian, Cornel"]
[Black "Zschäbitz, Klaus"]
[Result "0-1"]
[WhiteElo "1597"]
[BlackElo "2017"]
[PlyCount "52"]
[EventDate "2009.??.??"]
[WhiteTeam "SC Pegasus Lohkirchen"]
[BlackTeam "BSG 1827 Eckbauer e.V."]

1. g3 Nf6 2. Bg2 d5 3. d3 c6 4. Nd2 Nbd7 5. e3 e5 6. Ne2 Bd6 7. O-O O-O 8. b3
Qe7 9. a3 a5 10. Bb2 Re8 11. Re1 Nf8 12. d4 e4 13. h3 Ne6 14. Nf4 Ng5 15. h4
Ne6 16. c4 b5 17. Nxe6 Bxe6 18. c5 Bc7 19. Bc3 Bg4 20. Qc2 Qe6 21. Nf1 Bf3 22.
Nh2 Bxg2 23. Kxg2 Qf5 24. Qe2 h5 25. f4 exf3+ 26. Qxf3 Qc2+ 0-1

[Event "Lichtenberger Sommer"]
[Site "Berlin"]
[Date "2009.08.15"]
[Round "1.49"]
[White "Albrecht, Rainer"]
[Black "Schild, Reinhard"]
[Result "1-0"]
[WhiteElo "2015"]
[BlackElo "1593"]
[PlyCount "71"]
[EventDate "2009.??.??"]
[WhiteTeam "SC Kreuzberg e.V."]
[BlackTeam "SG Weißensee 49 e.V."]

1. d4 d5 2. c4 c6 3. Nf3 e6 4. e3 Nf6 5. Nc3 Nbd7 6. Bd3 dxc4 7. Bxc4 b5 8. Be2
Bb7 9. e4 Be7 10. O-O O-O 11. e5 Ne8 12. a3 a6 13. b4 Nc7 14. Ne4 Nd5 15. Bd2
Rc8 16. Qb3 N7b6 17. Rac1 Qd7 18. Rfd1 Rc7 19. Bg5 Bxg5 20. Nfxg5 Nf4 21. Bf1
Qd5 22. Qe3 Ng6 23. Nd6 Bc8 24. Rd2 f6 25. Rc5 Qxc5 26. dxc5 Nd5 27. Qd4 fxg5
28. g3 h5 29. Bd3 Nge7 30. h3 h4 31. Qe4 g6 32. Qg4 Kg7 33. Qxg5 hxg3 34. fxg3
Rf5 35. Bxf5 exf5 36. Ne8+ 1-0

[Event "Lichtenberger Sommer"]
[Site "Berlin"]
[Date "2009.08.15"]
[Round "1.50"]
[White "Jachym, Adam"]
[Black "Kupfer, Michael"]
[Result "1-0"]
[WhiteElo "1583"]
[BlackElo "2009"]
[PlyCount "81"]
[EventDate "2009.??.??"]
[WhiteTeam "OKSz Spolem Opole"]
[BlackTeam "SC Friesen Lichtenberg e.V."]

1. e4 c5 2. Nf3 d6 3. d4 cxd4 4. Nxd4 Nf6 5. Nc3 g6 6. Be3 Bg7 7. f3 a6 8. Qd2
Nbd7 9. O-O-O b5 10. g4 Bb7 11. h4 h5 12. g5 Nh7 13. f4 Nb6 14. a3 Rc8 15. Rg1
Rxc3 16. Qxc3 O-O 17. Bd3 Na4 18. Qe1 Nc5 19. f5 Qc7 20. Kb1 Rc8 21. fxg6 fxg6
22. Rc1 e5 23. Nb3 Nxe4 24. Qb4 d5 25. Bxe4 dxe4 26. Rgd1 Bf8 27. Qd2 Bc6 28.
Nc5 Be7 29. Nxa6 Qb7 30. Nb4 Nf8 31. Nxc6 Qxc6 32. Qd5+ Qe6 33. Qxb5 Qh3 34.
Qd5+ Kh7 35. Qf7+ Kh8 36. Qxe7 Qxe3 37. Qxe5+ Kh7 38. Re1 Qb6 39. Rxe4 Rc5 40.
Qf6 Qb5 41. Re7+ 1-0